000 00451nam a22001577a 4500
999 _c61452
_d61452
005 20240315094743.0
008 240315s1965 ru ||||| |||| 00| 0 rus d
041 _arus
080 _a902.2 K-55
100 _aКобылина, М.М.
_921433
245 _aМилет /
_cМ.М. Кобылина.
264 _aМосква :
_bНаука,
_c1965.
300 _a202 c.:
_bил.;
_c22 см.
653 _aარქეოლოგია
942 _2udc
_cBK